Deníky, dopisy, vzpomínky / Ferdinand Peroutka ; uspoř. Slávka Peroutková ; úvod Jiří Kovtun ; doslov Pavel Tigrid
Record details
- ISBN: 80-7106-063-1
- Physical Description: 320 s. ; 21 cm
- Publisher: Praha : NLN, Nakladatelství Lidové noviny, 1995
Content descriptions
| General Note: | Životopisná data F. Peroutky Pozn. a vysvětl |
Search for related items by subject
| Subject: | Peroutka, Ferdinand, 1895-1978 |
| Genre: | deníky korespondence dopisy vzpomínky |
Available copies
- 1 of 1 copy available at Common Catalog SPOK.
Holds
- 0 current holds with 1 total copy.
Show Only Available Copies
| Location | Call Number / Copy Notes | Barcode | Shelving Location | Status | Due Date |
|---|---|---|---|---|---|
| Hospic Dobrého Pastýře | HI
Tematická katagorie: Historie (HI) |
2045957006772 | Knihovna | Available | - |
Electronic resources
Version of Resource: Digitalizovaný dokument
| LDR | 01862nam a2200457 4500 | ||
|---|---|---|---|
| 001 | 28364 | ||
| 003 | CZ-PrJAB | ||
| 005 | 20170821133408.0 | ||
| 007 | ta | ||
| 008 | 950323s1995 xr u0|0 cze | ||
| 015 | . | ‡acnb000091233 | |
| 020 | . | ‡a80-7106-063-1 ‡q(váz.) : ‡cKč 125,00 | |
| 035 | . | ‡a(CZ PrNK)np9538108 | |
| 035 | . | ‡a(OCoLC)32855839 | |
| 040 | . | ‡aABA001 ‡bcze | |
| 045 | . | ‡ax4x7 | |
| 080 | . | ‡a070 ‡2undef | |
| 080 | . | ‡a885.0-94 ‡2undef | |
| 080 | . | ‡a885.0-6 ‡2undef | |
| 080 | . | ‡a929 ‡2undef | |
| 100 | 1 | . | ‡aPeroutka, Ferdinand, ‡d1895-1978 ‡7jk01092591 ‡4aut |
| 245 | 1 | 0. | ‡aDeníky, dopisy, vzpomínky / ‡cFerdinand Peroutka ; uspoř. Slávka Peroutková ; úvod Jiří Kovtun ; doslov Pavel Tigrid |
| 260 | . | ‡aPraha : ‡bNLN, Nakladatelství Lidové noviny, ‡c1995 ‡e(Brno : ‡fSpektrum) | |
| 300 | . | ‡a320 s. ; ‡c21 cm | |
| 500 | . | ‡aŽivotopisná data F. Peroutky | |
| 500 | . | ‡aPozn. a vysvětl | |
| 600 | 1 | 7. | ‡aPeroutka, Ferdinand, ‡d1895-1978 ‡7jk01092591 ‡2czenas |
| 653 | 0 | . | ‡ačeská žurnalistika |
| 655 | 7. | ‡adeníky ‡7fd132006 ‡2czenas | |
| 655 | 7. | ‡akorespondence ‡7fd132681 ‡2czenas | |
| 655 | 7. | ‡adopisy ‡7fd185178 ‡2czenas | |
| 655 | 7. | ‡avzpomínky ‡7fd133830 ‡2czenas | |
| 700 | 1 | . | ‡aPeroutková, Slávka, ‡d1922- ‡7mzk2005312623 ‡4com |
| 700 | 1 | . | ‡aTigrid, Pavel, ‡d1917-2003 ‡7jk01132374 ‡4aui |
| 700 | 1 | . | ‡aKovtun, Jiří, ‡d1927-2014 ‡7jk01062535 ‡4aui |
| 856 | 4 | 1. | ‡uhttp://kramerius4.nkp.cz/search/handle/uuid:dc4c9d50-6da8-11e5-9e57-005056827e52 ‡yDigitalizovaný dokument |
| 910 | . | ‡aBNE702 | |
| 964 | . | ‡aPeroutka, Ferdinand (novinář a spisovatel čes., 1895-1978) - korespondence | |
| 964 | . | ‡aPeroutka, Ferdinand (novinář a spisovatel čes., 1895-1978) - život a dílo - deníky | |
| 964 | . | ‡aPeroutka, Ferdinand (novinář a spisovatel čes., 1895-1978) - život a dílo - vzpomínky | |
| 998 | . | ‡a000091233 | |
| 901 | . | ‡a28364 ‡b ‡c28364 ‡tbiblio | |